000 00731nam a2200265Ia 4500
003 OSt
005 20221006142249.0
006 a|||||r|||| 00| 0
007 ta
008 221006b |||||||| |||| 00| 0 jpn d
020 _c¥780
024 _a5,845
037 _bGift, Japan Foundation
_cTextual
040 _aEASL
_cEASL
_bjpn
041 _2jpn
_ajpn
082 _aW94.42, L7
100 _aYasumaru Yoshio
_9646641
245 0 _aNihon nashonarizumu no zenya
260 _aTokyo
_bAsahi Shimbunsha Japan
_c1977
300 _a262p.
_ccm.
490 _v JL
_aAsahi Sensho, No. 94
650 _aJL
942 _hW94.42, L7
_cTEXL
_2CC
999 _c1073931
_d1073931